<?xml version="1.0" encoding="UTF-8"?><?xml-stylesheet type="text/xsl" href="static/style.xsl"?><OAI-PMH xmlns="http://www.openarchives.org/OAI/2.0/" xmlns:xsi="http://www.w3.org/2001/XMLSchema-instance" xsi:schemaLocation="http://www.openarchives.org/OAI/2.0/ http://www.openarchives.org/OAI/2.0/OAI-PMH.xsd"><responseDate>2026-04-14T19:47:30Z</responseDate><request verb="GetRecord" identifier="oai:uvadoc.uva.es:10324/4332" metadataPrefix="marc">https://uvadoc.uva.es/oai/request</request><GetRecord><record><header><identifier>oai:uvadoc.uva.es:10324/4332</identifier><datestamp>2021-06-29T09:42:56Z</datestamp><setSpec>com_10324_38</setSpec><setSpec>col_10324_852</setSpec></header><metadata><record xmlns="http://www.loc.gov/MARC21/slim" xmlns:doc="http://www.lyncode.com/xoai" xmlns:xsi="http://www.w3.org/2001/XMLSchema-instance" xmlns:dcterms="http://purl.org/dc/terms/" xsi:schemaLocation="http://www.loc.gov/MARC21/slim http://www.loc.gov/standards/marcxml/schema/MARC21slim.xsd">
<leader>00925njm 22002777a 4500</leader>
<datafield tag="042" ind1=" " ind2=" ">
<subfield code="a">dc</subfield>
</datafield>
<datafield tag="720" ind1=" " ind2=" ">
<subfield code="a">González Cañibano, María</subfield>
<subfield code="e">author</subfield>
</datafield>
<datafield tag="260" ind1=" " ind2=" ">
<subfield code="c">2013</subfield>
</datafield>
<datafield tag="520" ind1=" " ind2=" ">
<subfield code="a">El presente Trabajo de Fin de Grado (TFG) que aquí expongo contiene un material didáctico innovador, basado en la enseñanza–aprendizaje a través de la indagación de las ciencias experimentales, o más concretamente, de la salud bucodental.&#xd;
Este material, referido como Módulo y titulado “¡No quiero ir al dentista!… ¿Qué he de hacer?” es el resultado de un detallado estudio de la filosofía y la historia de la enseñanza por indagación y de una minuciosa preparación de materiales para poder llevarlo a cabo.&#xd;
Considero importante señalar que este trabajo se enmarca dentro de las líneas de investigación y de innovación didáctica que desarrolla el área de Didáctica de las Ciencias Experimentales de la Facultad de Educación y trabajo social de la Universidad de Valladolid, y más específicamente, vinculado al proyecto europeo PROFILES. (PROFILES: Professional Reflection-Oriented Focus on Inquiry-based Learning and Education through Science)</subfield>
</datafield>
<datafield tag="024" ind2=" " ind1="8">
<subfield code="a">http://uvadoc.uva.es/handle/10324/4332</subfield>
</datafield>
<datafield ind1=" " ind2=" " tag="653">
<subfield code="a">Niños - Cuidados dentales</subfield>
</datafield>
<datafield tag="245" ind1="0" ind2="0">
<subfield code="a">Enseñanza-aprendizaje por indagación en Educación Primaria: la salud bucodental</subfield>
</datafield>
</record></metadata></record></GetRecord></OAI-PMH>